[Event "OLNN 2324 Hamburger SK III - FC St. Paul"]
[Site "?"]
[Date "2023.11.19"]
[Round "2.3"]
[White "Jahncke, Giso"]
[Black "Hommer, Jeremy"]
[Result "0-1"]
[WhiteElo "2236"]
[BlackElo "2297"]
[PlyCount "83"]
[EventDate "2023.??.??"]

1. d4 Nf6 2. c4 e6 3. g3 d5 4. Bg2 Be7 5. Nf3 O-O 6. O-O dxc4 7. Qc2 b6 8. Bg5 Nd5 9. Bxe7 Qxe7 10. Na3 c3 11. Rfc1 Bb7 12. Nc4 cxb2 13. Qxb2 Nc6 14. Nfe5 Nd8 15. e4 Nf6 16. Nd2 Rc8 17. Rc2 Nd7 18. Nd3 a5 19. Rac1 Ba6 20. Nf4 c5 21. dxc5 bxc5 22. e5 Nc6 23. Bxc6 Rxc6 24. Ne4 Rb8 25. Qc3 Rb4 26. Qe3 Bb7 27. Nh5 Rc7 28. Nd6 Bd5 29. Nf4 f6 30. Nf5 Qf8 31. Nxd5 exd5 32. e6 Re4 33. e7 Qa8 34. Qb3 a4 35. Qb5 g6 36. f3 Re5 37. Nd6 Rxe7 38. Re2 Qf8 39. Rd2 Re6 40. Nc4 dxc4 41. Rxd7 Qe8 42. Rcd1 0-1

[Event "OLNN 2324 Hamburger SK III - FC St. Paul"]
[Site "?"]
[Date "2023.11.19"]
[Round "2.4"]
[White "Bracker, Arne"]
[Black "Priebe, Jan"]
[Result "1-0"]
[WhiteElo "2288"]
[BlackElo "2252"]
[PlyCount "81"]
[EventDate "2023.??.??"]

1. e4 c5 2. Nf3 Nc6 3. Bb5 Na5 4. O-O a6 5. Be2 b5 6. a4 b4 7. d4 cxd4 8. Nxd4 Bb7 9. c3 e6 10. Bd3 Nc6 11. Nxc6 Bxc6 12. c4 d6 13. b3 Nf6 14. Qe2 Nd7 15. Bb2 e5 16. Nd2 Be7 17. Rad1 O-O 18. Rfe1 Qc7 19. Nf1 Nc5 20. Bc2 Bg5 21. Qg4 Qe7 22. Ne3 Bd7 23. Qg3 Bxe3 24. Rxe3 f5 25. exf5 Bxf5 26. Bxf5 Rxf5 27. f4 Re8 28. fxe5 dxe5 29. Rd5 Nd7 30. h3 Rg5 31. Qe1 h6 32. Kh2 e4 33. Rxg5 hxg5 34. Qd2 Nf6 35. Bxf6 gxf6 36. Qd5+ Kg7 37. Kg1 Kg6 38. c5 f5 39. Re1 Qe5 40. Qc4 Rc8 41. Qxa6+ 1-0

[Event "OLNN 2324 Hamburger SK III - FC St. Paul"]
[Site "?"]
[Date "2023.11.19"]
[Round "2.5"]
[White "Breyther, Ruediger"]
[Black "Gaede, Derek"]
[Result "1/2-1/2"]
[WhiteElo "2257"]
[BlackElo "2281"]
[PlyCount "77"]
[EventDate "2023.??.??"]

1. e4 e6 2. d4 d5 3. Nd2 c5 4. Ngf3 cxd4 5. Nxd4 Nc6 6. Bb5 Bd7 7. Nxc6 bxc6 8. Bd3 Qc7 9. Qe2 Ne7 10. O-O Ng6 11. Nf3 Be7 12. c4 dxc4 13. Bxc4 O-O 14. Re1 c5 15. Bd2 Bf6 16. Bg5 Bxg5 17. Nxg5 Qf4 18. Nf3 Ne5 19. Nxe5 Qxe5 20. Rac1 Rfd8 21. Qc2 Rac8 22. b3 Be8 23. Ba6 Rc7 24. Red1 Rd6 25. Rxd6 Qxd6 26. Bf1 Kf8 27. h3 Qe5 28. Qc4 Rc6 29. Qc2 Rc8 30. Ba6 Rc6 31. Bb5 Rc7 32. Bxe8 Kxe8 33. Qc4 Kd8 34. Qa4 Qd4 35. Rc4 Qa1+ 36. Kh2 Qf6 37. Kg1 Qa1+ 38. Kh2 Qf6 39. Kg1 1/2-1/2

[Event "OLNN 2324 Hamburger SK III - FC St. Paul"]
[Site "?"]
[Date "2023.11.19"]
[Round "2.6"]
[White "Holinka, Henning"]
[Black "Perez De Miguel, Alvaro"]
[Result "1-0"]
[WhiteElo "2176"]
[BlackElo "2284"]
[PlyCount "53"]
[EventDate "2023.??.??"]

1. e4 c6 2. Nc3 d5 3. Nf3 dxe4 4. Nxe4 Nf6 5. Qe2 Na6 6. d4 Bf5 7. Nxf6+ gxf6 8. c3 Qd7 9. Bf4 Nc7 10. g3 O-O-O 11. Bg2 h5 12. O-O Bh3 13. Bxh3 Qxh3 14. Bxc7 Kxc7 15. Ng5 fxg5 16. Qe5+ Kc8 17. Qxh8 h4 18. Qh7 f5 19. f4 Qg4 20. fxg5 e6 21. Qxh4 Qe2 22. Rf2 Qc4 23. g6 Bg7 24. Qe7 Rd7 25. Qe8+ Kc7 26. Re1 e5 27. Rxf5 1-0

[Event "OLNN 2324 Hamburger SK III - FC St. Paul"]
[Site "?"]
[Date "2023.11.19"]
[Round "2.7"]
[White "Richter, Maik"]
[Black "Brinkmann, Fabian"]
[Result "1/2-1/2"]
[WhiteElo "2181"]
[BlackElo "2161"]
[PlyCount "46"]
[EventDate "2023.??.??"]

1. e4 c6 2. Nc3 d5 3. Nf3 Bg4 4. h3 Bxf3 5. Qxf3 e6 6. Be2 Nd7 7. O-O dxe4 8. Nxe4 Ngf6 9. d4 Nxe4 10. Qxe4 Nf6 11. Qe3 Bd6 12. Bf3 O-O 13. b3 Re8 14. Bb2 Qa5 15. Rfe1 Ba3 16. Bxa3 Qxa3 17. c4 a5 18. Red1 Red8 19. Kf1 Kf8 20. Qc1 Qxc1 21. Raxc1 Rd7 22. Ke2 Ne8 23. d5 exd5 1/2-1/2

[Event "OLNN 2324 Hamburger SK III - FC St. Paul"]
[Site "?"]
[Date "2023.11.19"]
[Round "2.8"]
[White "Avdic, Faris"]
[Black "Reuber, Artur"]
[Result "1-0"]
[WhiteElo "2191"]
[BlackElo "2142"]
[PlyCount "25"]
[EventDate "2023.??.??"]

1. d4 f5 2. Bg5 Nf6 3. Bxf6 exf6 4. e3 d5 5. c4 Bb4+ 6. Nc3 Bxc3+ 7. bxc3 O-O 8. Ne2 Nc6 9. Nf4 dxc4 10. Bxc4+ Kh8 11. Ng6+ hxg6 12. Qf3 f4 13. g4 1-0

[Event "OLNN 2324 SK Johanneum Eppendorf - TV Fi"]
[Site "?"]
[Date "2023.11.19"]
[Round "2.1"]
[White "Serrer, Christoph"]
[Black "Wessman, Richard"]
[Result "1/2-1/2"]
[WhiteElo "2269"]
[BlackElo "2397"]
[PlyCount "89"]
[EventDate "2023.??.??"]

1. d4 d5 2. Nf3 Nf6 3. c4 c6 4. e3 g6 5. Nc3 Bg7 6. Be2 O-O 7. O-O a6 8. b4 dxc4 9. Bxc4 Bg4 10. Be2 Nd5 11. Qb3 Nxc3 12. Qxc3 Nd7 13. Re1 e5 14. Bb2 Bxf3 15. Bxf3 exd4 16. exd4 Nb6 17. Qb3 Qd7 18. a4 Rfe8 19. Red1 Rad8 20. b5 cxb5 21. axb5 Qxb5 22. Qxb5 axb5 23. Bxb7 Na4 24. Rab1 b4 25. Bc6 Nxb2 26. Rxb2 Rxd4 27. Rbb1 Re2 28. Kf1 Rb2 29. Rdc1 Rdd2 30. Rxb2 Bxb2 31. Rb1 b3 32. g4 Bd4 33. Rxb3 Rxf2+ 34. Ke1 Rxh2 35. Bd5 Rb2 36. Rxb2 Bxb2 37. Ke2 Kg7 38. Kf3 Kf6 39. Kg3 Be5+ 40. Kh3 Bf4 41. Bb3 Bd2 42. Bc4 Kg7 43. Kg3 f6 44. Bb3 Kf8 45. Bc4 1/2-1/2

[Event "OLNN 2324 SK Johanneum Eppendorf - TV Fi"]
[Site "?"]
[Date "2023.11.19"]
[Round "2.2"]
[White "Wegner, Hannu"]
[Black "de Voogt, Juergen"]
[Result "1/2-1/2"]
[WhiteElo "2360"]
[BlackElo "2253"]
[PlyCount "38"]
[EventDate "2023.??.??"]

1. e4 c5 2. Nf3 e6 3. c3 Nf6 4. e5 Nd5 5. g3 Nc6 6. Bg2 d6 7. exd6 Bxd6 8. d4 cxd4 9. Nxd4 Bd7 10. O-O O-O 11. c4 Nde7 12. Nb3 Qb8 13. Bd2 Ne5 14. c5 Bc7 15. Na3 Bc6 16. Qe2 Bxg2 17. Kxg2 a6 18. Nc4 Nxc4 19. Qxc4 Qd8 1/2-1/2

[Event "OLNN 2324 SK Johanneum Eppendorf - TV Fi"]
[Site "?"]
[Date "2023.11.19"]
[Round "2.3"]
[White "Kneip, Jakob"]
[Black "Keyser, Robin"]
[Result "1-0"]
[WhiteElo "2144"]
[BlackElo "2143"]
[PlyCount "55"]
[EventDate "2023.??.??"]

1. e4 e6 2. d4 d5 3. e5 c5 4. c3 Nc6 5. Nf3 Bd7 6. Be2 Nge7 7. Na3 cxd4 8. cxd4 Nf5 9. Nc2 Be7 10. O-O Qb6 11. g4 Nh4 12. Nxh4 Bxh4 13. f4 Be7 14. Kh1 O-O-O 15. b4 Kb8 16. Rf3 Rc8 17. Rb3 f6 18. Qd3 g5 19. a4 gxf4 20. Bxf4 fxe5 21. a5 Qc7 22. b5 exf4 23. b6 axb6 24. axb6 Qd8 25. Qb5 Nb4 26. Qa5 Na6 27. Bxa6 Ba3 28. Bd3 1-0

[Event "OLNN 2324 SK Johanneum Eppendorf - TV Fi"]
[Site "?"]
[Date "2023.11.19"]
[Round "2.4"]
[White "Zart, Ruediger"]
[Black "Rolf, Marco"]
[Result "1-0"]
[WhiteElo "2156"]
[BlackElo "2034"]
[PlyCount "81"]
[EventDate "2023.??.??"]

1. e4 e6 2. d4 d5 3. Nd2 c5 4. exd5 Qxd5 5. Ngf3 cxd4 6. Bc4 Qd6 7. O-O Nf6 8. Nb3 Nc6 9. Nbxd4 Nxd4 10. Qxd4 Qxd4 11. Nxd4 a6 12. Be2 e5 13. Nb3 Bf5 14. c3 Bd6 15. Rd1 O-O-O 16. Be3 Bc7 17. Bc4 Bg6 18. Bc5 Rxd1+ 19. Rxd1 Rd8 20. Rxd8+ Bxd8 21. Bf8 b5 22. Be2 Nd7 23. Bxg7 Bb1 24. a3 Bg5 25. c4 Ba2 26. Na5 Bc1 27. cxb5 axb5 28. Bxb5 Bxb2 29. Bc4 Bb1 30. Bxf7 Bd3 31. Nc4 Bxc4 32. Bxc4 Bxa3 33. Bd3 Bf8 34. Bh8 h6 35. Bf5 Bd6 36. Bg7 h5 37. h4 Kd8 38. Bg6 Be7 39. g3 Bf6 40. Bh6 Nc5 41. Bxh5 1-0

[Event "OLNN 2324 SK Johanneum Eppendorf - TV Fi"]
[Site "?"]
[Date "2023.11.19"]
[Round "2.5"]
[White "Brandt, Carina"]
[Black "Schroeder, Christoph"]
[Result "0-1"]
[WhiteElo "2067"]
[BlackElo "2169"]
[PlyCount "44"]
[EventDate "2023.??.??"]

1. e4 c5 2. Nc3 Nc6 3. g3 g6 4. f4 Bg7 5. Nf3 d6 6. Bg2 e5 7. O-O Nge7 8. d3 O-O 9. f5 gxf5 10. Nh4 f4 11. gxf4 exf4 12. Bxf4 Ng6 13. Nf5 Bxf5 14. exf5 Nxf4 15. Rxf4 Be5 16. Rg4+ Kh8 17. Kh1 Rg8 18. Bd5 Qf6 19. Qf3 Nd4 20. Qh3 Rxg4 21. Qxg4 Qh6 22. Qg2 Nxf5 0-1

[Event "OLNN 2324 SK Johanneum Eppendorf - TV Fi"]
[Site "?"]
[Date "2023.11.19"]
[Round "2.6"]
[White "Wirthgen, Peter"]
[Black "Schneider, Alexander"]
[Result "1/2-1/2"]
[WhiteElo "2119"]
[BlackElo "2086"]
[PlyCount "113"]
[EventDate "2023.??.??"]

1. d4 Nf6 2. c4 e6 3. Nc3 d5 4. cxd5 exd5 5. Bg5 c6 6. e3 Bf5 7. Qf3 Bg6 8. Bxf6 Qxf6 9. Qxf6 gxf6 10. h4 h6 11. Nh3 Bd6 12. Kd2 Nd7 13. Bd3 O-O 14. g3 Rfe8 15. Nf4 Kg7 16. Nce2 Bb4+ 17. Kd1 a5 18. Nxg6 fxg6 19. Nf4 Nf8 20. a3 Bd6 21. Kd2 h5 22. Kc3 f5 23. b4 Nd7 24. b5 Bxf4 25. bxc6 bxc6 26. gxf4 Reb8 27. Rab1 Kf6 28. Rhc1 Ke6 29. Kd2 Kd6 30. Rg1 Nf8 31. f3 Rxb1 32. Rxb1 Nd7 33. Rg1 Nf8 34. e4 dxe4 35. fxe4 fxe4 36. Bxe4 Rb8 37. Kc3 Re8 38. Bxg6 Re3+ 39. Kb2 Ne6 40. f5 Nxd4 41. Rf1 Rb3+ 42. Ka2 Rf3 43. Rxf3 Nxf3 44. Bxh5 Nxh4 45. f6 Nf5 46. Kb3 Nd4+ 47. Kc4 Ne6 48. Bg4 Ng5 49. Bh5 Ne6 50. Be8 Nc7 51. Bg6 Ne6 52. Bf5 Ng5 53. Bg4 Nf7 54. Kb3 Ne5 55. Bf5 Kc5 56. Ka4 Kb6 57. Kb3 1/2-1/2

[Event "OLNN 2324 SK Johanneum Eppendorf - TV Fi"]
[Site "?"]
[Date "2023.11.19"]
[Round "2.7"]
[White "Peters, Thomas"]
[Black "Johannsen, Dennis"]
[Result "1/2-1/2"]
[WhiteElo "1902"]
[BlackElo "2082"]
[PlyCount "110"]
[EventDate "2023.??.??"]

1. Nc3 d5 2. e4 dxe4 3. Nxe4 Bf5 4. Ng3 Bg6 5. d4 e6 6. h4 h6 7. h5 Bh7 8. Bd3 Bxd3 9. Qxd3 Nd7 10. Be3 Ngf6 11. O-O-O Bd6 12. Ne4 Nxe4 13. Qxe4 c6 14. f4 Qa5 15. Kb1 Qd5 16. Qxd5 exd5 17. Nf3 O-O 18. Ne5 Rfe8 19. Bc1 Bxe5 20. fxe5 f6 21. exf6 Nxf6 22. g4 Ne4 23. Rhg1 Re6 24. g5 hxg5 25. Bxg5 Rf8 26. Bc1 Rf5 27. Rg6 Rff6 28. Rg2 Rf2 29. Rg4 Nf6 30. Rg6 Kf7 31. Rg5 Rh2 32. Rf1 Kg8 33. Rff5 Rh1 34. b3 Kh7 35. Kb2 Ne4 36. Rg2 Rf6 37. Re5 Rf7 38. Be3 Rh3 39. Bc1 Rhf3 40. h6 g6 41. c4 Nf2 42. Re6 Nd3+ 43. Kc2 Nxc1 44. Kxc1 R3f6 45. cxd5 cxd5 46. Re5 Rd7 47. Rgg5 Rfd6 48. Kd2 Kxh6 49. Kc3 a5 50. Kb2 Kg7 51. Kc3 Kf6 52. Kd3 b6 53. Rg2 Rf7 54. Rgg5 Re7 55. Rxg6+ Kxg6 1/2-1/2

[Event "OLNN 2324 SK Johanneum Eppendorf - TV Fi"]
[Site "?"]
[Date "2023.11.19"]
[Round "2.8"]
[White "Schueler, Hendrik"]
[Black "Serrer, David"]
[Result "1-0"]
[WhiteElo "2053"]
[BlackElo "1856"]
[PlyCount "67"]
[EventDate "2023.??.??"]

1. d4 d5 2. Nf3 Nf6 3. c4 c6 4. Qc2 e6 5. g3 Be7 6. Bg2 O-O 7. O-O Nbd7 8. Rd1 a5 9. Nbd2 b5 10. b3 Bb7 11. e4 dxc4 12. bxc4 bxc4 13. Ne5 c5 14. Nxd7 Nxd7 15. d5 c3 16. Nb1 exd5 17. exd5 Bf6 18. Nxc3 Bd4 19. Rb1 Ba6 20. Bf4 Nb6 21. d6 Ra7 22. Nb5 Bxb5 23. Rxb5 Nc8 24. Rb8 Qd7 25. Rdb1 Nxd6 26. Rxf8+ Kxf8 27. Qxh7 Ke7 28. Re1+ Kd8 29. Bh3 f5 30. Bxd6 Qxd6 31. Qg8+ Kc7 32. Bxf5 Qf6 33. Qc8+ Kb6 34. Re6+ 1-0

[Event "OLNN 2324 SK Norderstedt - Preetzer TSV"]
[Site "?"]
[Date "2023.11.19"]
[Round "2.1"]
[White "Pedersen, Steffen"]
[Black "Ostrovskiy, Andrey"]
[Result "0-1"]
[WhiteElo "2345"]
[BlackElo "2412"]
[PlyCount "58"]
[EventDate "2023.??.??"]

1. d4 Nf6 2. c4 e6 3. Nc3 Bb4 4. e3 b6 5. Nge2 Ba6 6. a3 Bxc3+ 7. Nxc3 d5 8. cxd5 Bxf1 9. Rxf1 exd5 10. f3 O-O 11. Bd2 c5 12. dxc5 bxc5 13. Ne2 Re8 14. Kf2 Nc6 15. Re1 Ne5 16. Nc1 d4 17. e4 c4 18. Bf4 Qb6 19. Rb1 Rad8 20. Kf1 Qb5 21. Kg1 Nh5 22. Bxe5 Rxe5 23. Qd2 c3 24. Qd3 Nf4 25. Qxb5 Rxb5 26. g3 Rxb2 27. Rxb2 cxb2 28. Nb3 Nd3 29. Rd1 Rc8 0-1

[Event "OLNN 2324 SK Norderstedt - Preetzer TSV"]
[Site "?"]
[Date "2023.11.19"]
[Round "2.2"]
[White "Kopylov, Michael"]
[Black "Fries-Nielsen, Jens Ove"]
[Result "1/2-1/2"]
[WhiteElo "2372"]
[BlackElo "2372"]
[PlyCount "88"]
[EventDate "2023.??.??"]

1. d4 Nf6 2. c4 d6 3. Nc3 Nbd7 4. Nf3 c6 5. e4 e5 6. Be2 a6 7. O-O b5 8. d5 b4 9. dxc6 bxc3 10. cxd7+ Qxd7 11. Qd3 Bb7 12. Rd1 cxb2 13. Bxb2 Bxe4 14. Qe3 Qa7 15. c5 Qxc5 16. Qxc5 dxc5 17. Ng5 Bc2 18. Rd2 Ne4 19. Nxe4 Bxe4 20. Bxe5 Be7 21. f3 Bc6 22. Bxg7 Rg8 23. Bc3 Bg5 24. Rd6 Rg6 25. Rad1 Be7 26. R6d2 Bb5 27. Bd3 Bxd3 28. Rxd3 Rd8 29. Rxd8+ Bxd8 30. Rd5 Be7 31. Rh5 h6 32. Kf2 Kd7 33. g4 Kd6 34. Ke3 Kc6 35. Rf5 Re6+ 36. Kd3 f6 37. Rh5 Bf8 38. Bd2 Rd6+ 39. Kc2 Rd5 40. Rh3 Rd7 41. Rh5 Rd5 42. Rh3 Rd7 43. Be3 Re7 44. Kd2 Rd7+ 1/2-1/2

[Event "OLNN 2324 SK Norderstedt - Preetzer TSV"]
[Site "?"]
[Date "2023.11.19"]
[Round "2.3"]
[White "Schwarz, Frank"]
[Black "Michna, Marta"]
[Result "0-1"]
[WhiteElo "2235"]
[BlackElo "2309"]
[PlyCount "58"]
[EventDate "2023.??.??"]

1. e4 e6 2. d4 d5 3. e5 b6 4. Nf3 Qd7 5. c3 Ba6 6. Bxa6 Nxa6 7. Qd3 Nb8 8. O-O Ne7 9. a4 a5 10. Be3 Na6 11. Na3 Nf5 12. Nc2 c5 13. Bd2 Nc7 14. Ne3 Nxe3 15. fxe3 Be7 16. e4 O-O 17. Ng5 h6 18. Nh3 cxd4 19. cxd4 dxe4 20. Qxe4 Rad8 21. Rac1 Bb4 22. Be3 Nd5 23. Bf2 Qxa4 24. g4 Rc8 25. Be3 Rxc1 26. Bxc1 Bc5 27. Kh1 Qxd4 28. Qe2 Ne3 29. Rf3 Nxg4 0-1

[Event "OLNN 2324 SK Norderstedt - Preetzer TSV"]
[Site "?"]
[Date "2023.11.19"]
[Round "2.4"]
[White "Hovhannisyan, Artur"]
[Black "Reinecker, Kai"]
[Result "1-0"]
[WhiteElo "2206"]
[BlackElo "2228"]
[PlyCount "93"]
[EventDate "2023.??.??"]

1. e4 e6 2. d4 d5 3. Nc3 Nf6 4. Bg5 dxe4 5. Nxe4 Be7 6. Nxf6+ Bxf6 7. Bxf6 Qxf6 8. Nf3 O-O 9. Bd3 c5 10. c3 cxd4 11. Nxd4 Rd8 12. Qc2 h6 13. O-O Nd7 14. Nb3 b6 15. Bh7+ Kh8 16. Be4 Rb8 17. Rfd1 Bb7 18. Bxb7 Rxb7 19. Rd6 Ne5 20. Rxd8+ Qxd8 21. Qe2 Rd7 22. Nd4 Qc7 23. Re1 Nc6 24. Nf3 Qd6 25. Qb5 Qd5 26. Qa4 b5 27. Qa3 Kg8 28. Qa6 g6 29. h3 Kg7 30. a4 bxa4 31. Qxa4 a5 32. Rb1 Rb7 33. b3 e5 34. Rb2 e4 35. Nd2 f5 36. Nc4 f4 37. Rd2 Qc5 38. Nd6 e3 39. Nxb7 exd2 40. Nxc5 d1=Q+ 41. Kh2 Qd5 42. Ne4 g5 43. f3 Kg6 44. b4 Qc4 45. Nc5 Qd5 46. c4 Qd6 47. Ne4 1-0

[Event "OLNN 2324 SK Norderstedt - Preetzer TSV"]
[Site "?"]
[Date "2023.11.19"]
[Round "2.5"]
[White "Light, Bjarne"]
[Black "Zierke, Oliver"]
[Result "0-1"]
[WhiteElo "2218"]
[BlackElo "2189"]
[PlyCount "70"]
[EventDate "2023.??.??"]

1. c4 e6 2. Nf3 d5 3. e3 Nf6 4. b3 Be7 5. Bb2 O-O 6. Be2 Nbd7 7. Nc3 b6 8. cxd5 exd5 9. Nd4 Nb8 10. g4 Re8 11. g5 Ne4 12. Nxe4 dxe4 13. h4 c5 14. Nb5 Nc6 15. Qb1 Bf5 16. Nc3 Bf8 17. f3 Qd6 18. Nxe4 Rxe4 19. fxe4 Qg3+ 20. Kd1 Qg2 21. exf5 Qxh1+ 22. Kc2 Nb4+ 23. Kc3 Qd5 24. d3 Re8 25. Kd2 Qxf5 26. Qf1 Qe6 27. Qf3 Rd8 28. Bc3 Nd5 29. Bb2 c4 30. Bd4 Bb4+ 31. Kc2 cxd3+ 32. Bxd3 Qc6+ 33. Kb2 Bc3+ 34. Kb1 Bxd4 35. Bxh7+ Kxh7 0-1

[Event "OLNN 2324 SK Norderstedt - Preetzer TSV"]
[Site "?"]
[Date "2023.11.19"]
[Round "2.6"]
[White "Michna, Christian"]
[Black "Willsch, Matthias"]
[Result "0-1"]
[WhiteElo "2195"]
[BlackElo "2101"]
[PlyCount "126"]
[EventDate "2023.??.??"]

1. e4 e6 2. b3 d5 3. Bb2 a6 4. exd5 exd5 5. Nf3 Nf6 6. Qe2+ Be7 7. Nc3 Nc6 8. O-O-O Bf5 9. d3 Qd6 10. h3 h5 11. Qd2 O-O-O 12. Ne2 Qc5 13. Ned4 Nxd4 14. Nxd4 Bg6 15. g3 Qb6 16. Nf3 Bc5 17. d4 Bb4 18. Qf4 Ne4 19. Ne5 Nc3 20. Rd3 Bxd3 21. Bxd3 Nxa2+ 22. Kd1 g6 23. g4 Bc3 24. Ba3 Nb4 25. Bxb4 Qxb4 26. Nxf7 Rhf8 27. gxh5 gxh5 28. Bf5+ Kb8 29. Nxd8 Rxd8 30. Be6 Rf8 31. Bf7 Qe7 32. Qg3 Bxd4 33. Bxh5 Bxf2 34. Qd3 Qe5 35. Bf3 Rf4 36. c3 c6 37. Rf1 Be3 38. Be2 Rxf1+ 39. Bxf1 d4 40. cxd4 Bxd4 41. Be2 Be3 42. Bg4 Ka7 43. Ke2 Bc5+ 44. Kd1 a5 45. Bf5 a4 46. bxa4 Qa1+ 47. Kc2 Qa2+ 48. Kd1 Qxa4+ 49. Qc2 Qd4+ 50. Qd3 Qg1+ 51. Kc2 Qf2+ 52. Kb3 Bd4 53. Qc2 Qf3+ 54. Ka2 Qd5+ 55. Kb1 Qb5+ 56. Ka2 Qa5+ 57. Kb3 Qd5+ 58. Ka3 b5 59. Qe4 b4+ 60. Kxb4 Qb5+ 61. Ka3 Qb2+ 62. Ka4 Qa2+ 63. Kb4 c5+ 0-1

[Event "OLNN 2324 SK Norderstedt - Preetzer TSV"]
[Site "?"]
[Date "2023.11.19"]
[Round "2.7"]
[White "Schwarzat, Julian"]
[Black "Parvanyan, Alfred"]
[Result "1/2-1/2"]
[WhiteElo "2127"]
[BlackElo "2143"]
[PlyCount "65"]
[EventDate "2023.??.??"]

1. e4 d6 2. Nf3 Nf6 3. d3 g6 4. g3 Bg7 5. Bg2 O-O 6. O-O c5 7. Re1 Nc6 8. c3 Rb8 9. Bf4 Nh5 10. Be3 b5 11. d4 cxd4 12. cxd4 a5 13. Nc3 b4 14. Nd5 e6 15. Nf4 Nxf4 16. Bxf4 e5 17. Bg5 Qe8 18. dxe5 dxe5 19. Rc1 Bg4 20. Qd6 Rc8 21. Rc5 Bxf3 22. Bxf3 Nd4 23. Bd1 Rxc5 24. Qxc5 Ne6 25. Qc1 Nxg5 26. Qxg5 Qd8 27. Qe3 h5 28. Bb3 Kh7 29. Rd1 Qc7 30. Rc1 Qd7 31. Rd1 Qc7 32. Qd3 f5 33. exf5 {(=)} 1/2-1/2

[Event "OLNN 2324 SK Norderstedt - Preetzer TSV"]
[Site "?"]
[Date "2023.11.19"]
[Round "2.8"]
[White "Bohnsack, Ralf"]
[Black "Guindy, Esmat Susanne"]
[Result "1-0"]
[WhiteElo "2157"]
[BlackElo "2021"]
[PlyCount "129"]
[EventDate "2023.??.??"]

1. d4 d5 2. Nf3 Bf5 3. c4 e6 4. Nc3 c6 5. cxd5 exd5 6. Bf4 Nf6 7. e3 Qb6 8. Qc1 h6 9. Be2 Nbd7 10. O-O Be7 11. Ne1 O-O 12. Bd3 Bxd3 13. Nxd3 Ne4 14. Qc2 Rac8 15. b4 Nxc3 16. Qxc3 a5 17. bxa5 Qa7 18. Rab1 c5 19. dxc5 Nxc5 20. Nxc5 Rxc5 21. Qb4 Ra8 22. Be5 Qxa5 23. Qxa5 Raxa5 24. Rxb7 Bf8 25. Rd7 Rc8 26. g4 f6 27. Bd4 Rxa2 28. Rxd5 Rac2 29. Rb1 Rc1+ 30. Rxc1 Rxc1+ 31. Kg2 Kf7 32. Rd7+ Kg6 33. h4 h5 34. gxh5+ Kxh5 35. Rf7 Rc8 36. Kh3 Re8 37. Rd7 Kh6 38. Kg4 Re4+ 39. f4 Re8 40. Rb7 Be7 41. h5 Bd6 42. Kf5 Bf8 43. Rb1 Rd8 44. Rh1 Rd6 45. Rh2 Ra6 46. e4 Ra4 47. Be3 Ra5+ 48. e5 Ra6 49. Rg2 Ra3 50. Re2 Ra5 51. Rg2 Ra3 52. Bc1 Rc3 53. Bb2 Rh3 54. exf6 Rxh5+ 55. Ke6 g5 56. Kf7 gxf4 57. Kxf8 f3 58. Rf2 Rf5 59. Kf7 Kg5 60. Ke6 Kg6 61. Bd4 Rf4 62. Kd5 Kf7 63. Be5 Rf5 64. Ke4 Ke6 65. Bd4 1-0

[Event "OLNN 2324 Schachfreunde HH - SK Doppelba"]
[Site "?"]
[Date "2023.11.19"]
[Round "2.1"]
[White "Beeck, Mats"]
[Black "Nedic, Dusan"]
[Result "0-1"]
[WhiteElo "2236"]
[BlackElo "2320"]
[PlyCount "88"]
[EventDate "2023.??.??"]

1. c4 Nf6 2. Nc3 g6 3. e4 d6 4. d4 Bg7 5. Nf3 O-O 6. Be2 e5 7. O-O Nbd7 8. Re1 c6 9. Bf1 Re8 10. d5 Qe7 11. b4 c5 12. a3 Rf8 13. Nd2 Bh6 14. Nb3 Bxc1 15. Rxc1 b6 16. bxc5 bxc5 17. Na5 Nb6 18. Nc6 Qd7 19. a4 Bb7 20. a5 Nc8 21. Qa4 Ne7 22. Nxe7+ Qxe7 23. Rb1 Bc8 24. Rb2 Bd7 25. Qa2 Rfb8 26. Reb1 Qd8 27. Bd3 Rxb2 28. Rxb2 Rb8 29. Re2 a6 30. g3 Ng4 31. Re1 Rb4 32. f3 Nf6 33. Rb1 h5 34. f4 exf4 35. gxf4 Ng4 36. Ne2 Qh4 37. Ng3 Rxb1+ 38. Bxb1 Ne3 39. Qf2 Nxc4 40. e5 dxe5 41. fxe5 Nxe5 42. Ne4 Qg4+ 43. Qg3 Qd1+ 44. Kg2 Qxd5 0-1

[Event "OLNN 2324 Schachfreunde HH - SK Doppelba"]
[Site "?"]
[Date "2023.11.19"]
[Round "2.2"]
[White "Hourigan, Gerrit"]
[Black "Junge, Ralph"]
[Result "1/2-1/2"]
[WhiteElo "2253"]
[BlackElo "2253"]
[PlyCount "42"]
[EventDate "2023.??.??"]

1. d4 d5 2. c4 e6 3. Nf3 Nf6 4. Nc3 Be7 5. Bf4 O-O 6. e3 a6 7. cxd5 exd5 8. Qc2 Nh5 9. Bg3 c6 10. Bd3 g6 11. Be5 Bg4 12. h3 Bxf3 13. gxf3 Nd7 14. Bh2 Rc8 15. O-O Re8 16. Rfd1 Nf8 17. Rab1 Ne6 18. f4 Bd6 19. Kg2 Qh4 20. Bg3 Qf6 21. Be2 Nxg3 {(=)} 1/2-1/2

[Event "OLNN 2324 Schachfreunde HH - SK Doppelba"]
[Site "?"]
[Date "2023.11.19"]
[Round "2.4"]
[White "Hermesmann, Hans"]
[Black "Saglam, Buelent"]
[Result "1-0"]
[WhiteElo "2228"]
[BlackElo "2125"]
[PlyCount "103"]
[EventDate "2023.??.??"]

1. d4 d5 2. c4 c6 3. Nc3 Nf6 4. cxd5 cxd5 5. Bf4 e6 6. e3 Bd6 7. Bxd6 Qxd6 8. Bd3 O-O 9. f4 b6 10. Qe2 Bb7 11. Nf3 Ne4 12. O-O f5 13. Rfc1 Nc6 14. a3 Rfc8 15. Bxe4 dxe4 16. Nd2 Qd7 17. Qb5 Rd8 18. Nc4 Rac8 19. Kf2 Qc7 20. Ne2 Rd5 21. Qb3 Qd8 22. Ne5 Rd6 23. Rc3 Nxe5 24. fxe5 Rxc3 25. bxc3 Rc6 26. Nf4 Ba6 27. Qa4 Qc8 28. Rc1 Rc4 29. Qb3 Bb7 30. a4 Qc6 31. a5 b5 32. Ne2 a6 33. Qa3 Kf7 34. g4 Ra4 35. Qb2 Qc4 36. Rc2 g5 37. h4 h6 38. hxg5 hxg5 39. gxf5 exf5 40. Qb1 Kg6 41. Rd2 Rxa5 42. d5 Bxd5 43. Rd4 Qb3 44. Qxb3 Bxb3 45. Rd6+ Kf7 46. Nd4 Ra2+ 47. Kg3 Bc4 48. Rf6+ Ke8 49. Nxf5 a5 50. e6 b4 51. e7 Bf7 52. Rd6 1-0

[Event "OLNN 2324 Schachfreunde HH - SK Doppelba"]
[Site "?"]
[Date "2023.11.19"]
[Round "2.5"]
[White "Ghadimi, Mohammed Reza"]
[Black "Andersen, Jens Knud"]
[Result "1/2-1/2"]
[WhiteElo "2123"]
[BlackElo "2184"]
[PlyCount "76"]
[EventDate "2023.??.??"]

1. e4 c5 2. Nf3 e6 3. g3 d5 4. exd5 exd5 5. d4 Nf6 6. Bg2 Be7 7. dxc5 Bxc5 8. O-O O-O 9. a3 Nc6 10. b4 Bb6 11. Bb2 Re8 12. Qd3 Bg4 13. Nbd2 Rc8 14. Rae1 Ne4 15. b5 Na5 16. Nxe4 dxe4 17. Rxe4 Qxd3 18. cxd3 Bf5 19. Rxe8+ Rxe8 20. Re1 Rd8 21. Ne5 f6 22. g4 Bc8 23. Nc4 Bxg4 24. Nxb6 axb6 25. Bc3 Nb3 26. Bxb7 Rxd3 27. Re3 Rxe3 28. fxe3 Kf7 29. Bb4 Na5 30. Be4 Nc4 31. a4 Nxe3 32. a5 bxa5 33. Bxa5 Nc4 34. Bc7 Ke7 35. Bxh7 Kd7 36. b6 Bf3 37. Kf2 Bd5 38. Bd3 Kc6 1/2-1/2

[Event "OLNN 2324 Schachfreunde HH - SK Doppelba"]
[Site "?"]
[Date "2023.11.19"]
[Round "2.6"]
[White "Bokelbrink, Uwe"]
[Black "Budzyn, Matthias"]
[Result "1-0"]
[WhiteElo "2211"]
[BlackElo "2074"]
[PlyCount "65"]
[EventDate "2023.??.??"]

1. e4 e5 2. Nf3 Nc6 3. Bb5 a6 4. Ba4 Nf6 5. d3 Bc5 6. c3 b5 7. Bb3 O-O 8. a4 Bb7 9. Bg5 h6 10. Bh4 g5 11. Bg3 Re8 12. h4 g4 13. Nh2 h5 14. Qd2 Bf8 15. Qg5+ Bg7 16. f3 d5 17. O-O gxf3 18. Nxf3 dxe4 19. Nxe5 Nxe5 20. Bxe5 Rxe5 21. Qxe5 exd3 22. Nd2 Qe8 23. Qg5 Qc6 24. Nf3 Qb6+ 25. Nd4 Rd8 26. a5 Qd6 27. Nf5 Qc5+ 28. Kh1 Qf8 29. Nxg7 Ne4 30. Bxf7+ Qxf7 31. Qxd8+ Kxg7 32. Rxf7+ Kxf7 33. Qxc7+ 1-0